[Event "Jaen-ch"]
[Site "Linares"]
[Date "1997.??.??"]
[Round "6"]
[White "Garcia Ortega, Manuel"]
[Black "De Haro Mestanza, I."]
[Result "0-1"]
[WhiteElo "1830"]
[BlackElo "1790"]
[PlyCount "68"]
[EventDate "1997.12.??"]
[EventType "swiss"]
[EventRounds "7"]
[EventCountry "ESP"]
[SourceTitle "EXT 2000"]
[Source "ChessBase"]
[SourceDate "1999.11.16"]
[SourceVersion "1"]
[SourceVersionDate "1999.11.16"]
[SourceQuality "1"]

1. d4 Nf6 2. c4 c5 3. d5 e6 4. Nc3 exd5 5. cxd5 g6 6. e4 d6 7. Nf3 Bg7 8. Be2 0-0 9. 0-0 Re8 10. Bg5 h6 11. Bxf6 Bxf6 12. Qc2 a6 13. Nd2 b5 14. a3 Nd7 15. f4 Nb6 16. Rae1 Ra7 17. Bf3 Rae7 18. b3 Bxc3 19. Qxc3 Nxd5 20. exd5 Rxe1 21. g3 Rxf1+ 22. Kxf1 Bh3+ 23. Kf2 f5 24. Qd3 Qe7 25. Be2 Kh7 26. a4 Bg4 27. Nf3 Bxf3 28. Qxf3 bxa4 29. bxa4 Qe4 30. a5 Qxe2+ 31. Qxe2 Rxe2+ 32. Kxe2 g5 33. h3 gxf4 34. Kf3 fxg3 0-1

[Event "Jaen-ch"]
[Site "Linares"]
[Date "1997.??.??"]
[Round "7"]
[White "Ruiz Sanchez, Miguel Angel"]
[Black "De Haro Mestanza, I."]
[Result "1-0"]
[WhiteElo "2150"]
[BlackElo "1790"]
[PlyCount "47"]
[EventDate "1997.12.??"]
[EventType "swiss"]
[EventRounds "7"]
[EventCountry "ESP"]
[SourceTitle "EXT 2000"]
[Source "ChessBase"]
[SourceDate "1999.11.16"]
[SourceVersion "1"]
[SourceVersionDate "1999.11.16"]
[SourceQuality "1"]

1. d4 Nf6 2. Nf3 g6 3. Bf4 Bg7 4. Nbd2 e6 5. e4 d6 6. Bd3 0-0 7. 0-0 Nbd7 8. Qe2 a6 9. e5 dxe5 10. dxe5 Nd5 11. Bg5 Ne7 12. Ne4 f6 13. exf6 Bxf6 14. Nxf6+ Nxf6 15. Bh6 Re8 16. Rad1 Bd7 17. Ne5 Nf5 18. Bg5 Nd6 19. Nxd7 Qxd7 20. Bxf6 Qf7 21. Bc3 e5 22. Be4 Nxe4 23. Qxe4 c6 24. f4 1-0